Star Wars Multiple Choice - Statistiken

Allgemein
  • Dieses Quiz wurde 861 mal gespielt
  • Das Durchschnittsergebnis liegt bei 7 aus 8
Antwortstatistiken
Frage Antwort % Korrekt
Wer ist kein Jedi Meister? Anakin Skywalker
98%
Zu welcher Spezies gehört Chewbacca? Wookiee
98%
Wo wurde Anakin Skywalker geboren? Tatooine
96%
Wer wurde zum Machtgeist Qui-Gon Jinn
95%
Wer war in Epidose I Schüler von Darth Sidious? Darth Maul
91%
Wer war Spender für die DNA der Klone? Jango Fett
91%
Welcher Planet wird im ersten Todesstern-Test zerstört? Alderaan
90%
Wer gab die Klon Armee in Auftrag? Jedimeister Sifo-Dyas
79%
Keine übereinstimmenden Quizze gefunden
Verteilung der Resultate
Anzahl Personen mit jedem Resultat
Perzentil nach korrekt beantworteten Fragen
Ihre Resultats-Entwicklung
Sie haben dieses Quiz noch nicht gespielt